00202nam a2200073Ia 4500082001700000245002500017100004500042008004100087 aT 821.3 SHAK 0aWilliam Shakespeare  a SHAKESPEARE, William New York, 2008 210817s9999 xx 000 0 und d